Statistics for The Holocaust Quiz

Click here to take the quiz!

General Stats

  • This quiz has been taken 1,197 times
  • The average score is 10 of 22

Answer Stats

HintAnswer% Correct
The slogan "Arbeit macht frei", located at the entrance of the Auschwitz concentration camp, translates in English to "Work makes you (what)"?Free
83%
What was the cause of Hitler's death?Suicide by gunshot
75%
What German word, meaning "leader", was Hitler called?Führer
71%
What is another name for the Secret State Police, the official secret police of Nazi Germany?Gestapo
67%
To which continent did many Nazi war criminals escape?South America
66%
What is the name of the star that Jews were forced to wear on their clothing?Star of David
65%
What, meaning "My Struggle", is the name of the book that Hitler wrote while he was in prison, before he became chancellor of Germany?Mein Kampf
63%
The "Angel of Death", Josef Mengele, is infamous for his experiments on who (which kind of people)?Twins
58%
What is the name for opposition and discrimination against Jews?Antisemitism
55%
Which term was used by the Nazis to denote a race which had supposedly superior blood and culture?Aryan
53%
"Kristallnacht", the mass-murder and destruction of homes and businesses of Jews during the night of November 9, 1938, is also called the Night of what?Broken Glass
50%
People sometimes threw what into Jewish cattle cars for the enjoyment of watching Jews fight over it?Bread
46%
"Nazi" is short for what?National Socialist
45%
What is the name of the gas used to kill victims in gas chambers?Zyklon B
36%
In which concentration camp did Anne Frank die?Bergen-Belsen
30%
The book "Night" was written by which famous Holocaust survivor?Elie Wiesel
29%
Which disease killed Anne Frank?Typhus
27%
Anne Frank called her hiding place in Miep Gies' house in Amsterdam the "Secret (what)"?Annex
22%
What is the name for an organized massacre of a particular ethnic group, particularly of Jews in Russia or Eastern Europe?Pogrom
21%
What is the name of the most infamous Jewish ghetto in Poland?Lodz
16%
What is the name for the planned and attempted genocide of the Romani people (Gypsies)?Porajmos
4%
In July 1942, thousands of Jews were arrested in Paris and confined in which arena before being shipped in cattle cars to Auschwitz?Vélodrome d'Hiver
4%

Score Distribution

Percentile by Number Answered

Percent of People with Each Score

Your Score History

You have not taken this quiz